Globalizácia - príležitosť na otvorené inovácie a ich komunikáciu
Dôležitosť inovácií v procese globalizácie so zreteľom na otvorené inovácie a inovačné platformy. Premyslená komunikačná stratégia dokáže zabezpečiť súlad medzi dopytom a ponukou v čase, keď je inovácia potrebná.
Gespeichert in:
| 1. Verfasser: | |
|---|---|
| Weitere Verfasser: | , |
| Format: | Buchkapitel |
| Sprache: | Slowakisch |
| Schlagworte: | |
| Tags: |
Keine Tags, Fügen Sie das erste Tag hinzu!
|
MARC
| LEADER | 00000naa a2200000 4500 | ||
|---|---|---|---|
| 001 | 0178367 | ||
| 005 | 20221020085311.7 | ||
| 041 | 0 | |a slo | |
| 044 | |a SK | ||
| 245 | 1 | 0 | |a Globalizácia - príležitosť na otvorené inovácie a ich komunikáciu |c Alena Kusá, Zuzana Danechová, Rudolf Rybanský |
| 520 | |a Dôležitosť inovácií v procese globalizácie so zreteľom na otvorené inovácie a inovačné platformy. Premyslená komunikačná stratégia dokáže zabezpečiť súlad medzi dopytom a ponukou v čase, keď je inovácia potrebná. | ||
| 610 | 2 | 0 | |a podnik |
| 610 | 2 | 0 | |a stratégia inovačná |
| 610 | 2 | 0 | |a globalizácia |
| 610 | 2 | 0 | |a inovácia |
| 610 | 2 | 0 | |a komunikácia firemná |
| 610 | 2 | 0 | |a efektívnosť inovácií |
| 610 | 2 | 0 | |a konkurencieschopnosť |
| 100 | 1 | |a Kusá, Alena | |
| 700 | 1 | |a Danechová, Zuzana | |
| 700 | 1 | |a Rybanský, Rudolf | |